brands of skiis - Statistics

General Stats
  • This quiz has been taken 95 times
  • The average score is 5 of 13
Answer Stats
unhelpful clues Answer % Correct
explosive atomic
63%
tennis brand head
61%
fish fischer
56%
chicken rossignol
54%
snow storm blizzard
46%
spelt like vodka volkl
42%
letter before numbers K2
35%
sounds like a fish salomon
33%
birds black crows
32%
north only nordica
28%
stars explode like dynamite dynastar
21%
rare mineral black diamond
11%
name scott
5%
No matching quizzes found
Score Distribution
Percent of People with Each Score
Percentile by Number Answered
Your Score History
You have not taken this quiz